A imple breeding trial of macrobrachium rosenbergii (de men) at rua, ការសាកល្បងភ្ញាស់បង្កងទឹកសាបនៅសាកលវិទ្យាល័យភូមិន្ទកសិកម្ម (Record no. 3858)

000 -LEADER
fixed length control field 00600nam a22001577a 4500
003 - CONTROL NUMBER IDENTIFIER
control field OSt
005 - DATE AND TIME OF LATEST TRANSACTION
control field 20151202143659.0
008 - FIXED-LENGTH DATA ELEMENTS--GENERAL INFORMATION
fixed length control field 151202b xxu||||| |||| 00| 0 eng d
040 ## - CATALOGING SOURCE
Transcribing agency RUA
082 ## - DEWEY DECIMAL CLASSIFICATION NUMBER
Classification number FIS THA 2001 B173 Or.1
100 ## - MAIN ENTRY--PERSONAL NAME
9 (RLIN) 4145
Personal name THAK, KUNTHEANG.
245 ## - TITLE STATEMENT
Title A imple breeding trial of macrobrachium rosenbergii (de men) at rua, ការសាកល្បងភ្ញាស់បង្កងទឹកសាបនៅសាកលវិទ្យាល័យភូមិន្ទកសិកម្ម
260 ## - PUBLICATION, DISTRIBUTION, ETC. (IMPRINT)
Place of publication, distribution, etc. Phnom Penh
Name of publisher, distributor, etc. RUA
Date of publication, distribution, etc. 2001
300 ## - PHYSICAL DESCRIPTION
Extent 44p.
Other physical details ill.
Dimensions 29cm.
942 ## - ADDED ENTRY ELEMENTS (KOHA)
Source of classification or shelving scheme
Koha item type FIS
Holdings
Price effective from Date last seen Permanent Location Not for loan Date acquired Source of classification or shelving scheme Koha item type Lost status Withdrawn status Date last checked out Total Checkouts Shelving location Damaged status Barcode Current Location Full call number
2015-12-022015-12-02Library Block B 2015-12-02 FIS    B173 RUA027551Library Block BFIS THA 2001 B173 Or.1
2015-12-022017-10-25Library Block B 2015-12-02 FIS  2017-10-093B173 RUA027578Library Block BFIS THA 2001 B173 Or.2
មជ្ឈមណ្ឌលឯការនៃសាកលវិទ្យាល័យភូមិន្ទកសិកម្មចំការដូង

Powered by Koha